The worldeconomic crisis and Japanese capitalism

Bewaard in:
Bibliografische gegevens
Hoofdauteur: Itoh, Makoto
Formaat: Boek
Taal:Undetermined
Gepubliceerd in: New York St. Martin's Press 1990
Onderwerpen:
Tags: Voeg label toe
Geen labels, Wees de eerste die dit record labelt!
Thư viện lưu trữ: Trung tâm Học liệu Trường Đại học Cần Thơ
LEADER 00488nam a2200181Ia 4500
001 CTU_85674
008 210402s9999 xx 000 0 und d
082 |a 337.5220 
082 |b I.89 
100 |a Itoh, Makoto 
245 4 |a The worldeconomic crisis and Japanese capitalism 
245 0 |c Makoto Itoh 
260 |a New York 
260 |b St. Martin's Press 
260 |c 1990 
650 |a Economic history 
904 |i Năm 
980 |a Trung tâm Học liệu Trường Đại học Cần Thơ